000 00329nam a2200133Ia 4500
008 220204s9999 xx 000 0 und d
082 _a581.5
_bECO;1
245 0 _aWater and plant life
260 _aBerlin
_bSpringer
_c1976
490 _aEcological studies 19
650 _aWater relations
700 _aLange, O L
942 _cBK
999 _c26545
_d26545